000 00771cab a2200217 4500
001 X3696
008 090401t1996 xxu||||| |||| 00| 0 eng d
035 _a(Sirsi) u32206
041 _aeng
245 _aWorkplace asbestos
260 _c1996
350 _a0
490 _aCSM (Chartered Surveyor Monthly)
_v5(10) July/August 1996, 10(1)
520 _aGuidance from the HSE calls on workplace owners and managers to be more pro-active in dealing with the risk of exposure to asbestos - lists questions that should be asked.
650 _aMANAGEMENT-HEALTH AND SAFETY-HAZARDOUS SUBSTANCES-ASBESTOS
650 _aWORKPLACE
690 _aBUILT ENVIRONMENT-BUILDING MATERIALS
690 _aBUILT ENVIRONMENT-BUILDING STANDARDS
942 _n0
948 _c04/03/1997
999 _c21613
_d21613